[Event "45th Olympiad 2024"]
[Site "Budapest HUN"]
[Date "2024.09.15"]
[Round "5.89"]
[Board "1"]
[White "Bhakta Bahadur Monger"]
[Black "Enemchukwu Chinedu Benjamin"]
[Result "0-1"]
[WhiteElo "1911"]
[BlackElo "2001"]
[PlyCount "82"]
[EventDate "2024.09.11"]
[WhiteTeam "Bhutan"]
[BlackTeam "Saint Vincent and the Grenadines"]
[WhiteTeamCountry "BTN"]

1. d4 e5 2. dxe5 d6 3. Nf3 Nc6 4. Bg5 ({RR} 4. exd6 Bxd6 5. Nc3 Bg4 6. Nb5 Bb4+ 7. c3 Qxd1+ 8. Kxd1 O-O-O+ 9. Ke1 Ba5 10. Be3 Nf6 11. h3 Bh5 12. g4 Bg6 13. Bg2 Rhe8 14. Rd1 Nd5 15. Bc1 a6 16. Na3 Be4 17. Nc4 Ncb4 18. Bd2 Bd3 {1-0 Sarana,A (2717)-Arslanov,S (2410) Titled Tue 9th Jul Late 2024 (9)}) 4... f6 5. exf6 Nxf6 6. e3 ({RR} 6. c4 Be6 7. e3 Qd7 8. Nc3 Qf7 9. Qa4 Be7 10. Be2 O-O 11. O-O Nd7 12. Bxe7 Qxe7 13. Nd5 Bxd5 14. cxd5 Nce5 15. Nxe5 Nxe5 16. Rac1 Rf7 17. Rc2 Qf6 18. f4 Ng6 19. Bg4 Re7 20. Be6+ Kh8 {1-0 Kepeschuk,M (2269)-Efremova,Y (2127) Titled Tue 25th Jun Late 2024 (2)}) 6... Be6 $146 ({RR} 6... Bg4 7. Be2 h6 8. Bh4 g5 9. Bg3 Bg7 10. Qd3 Ne7 11. Nd4 Bxe2 12. Qxe2 Qd7 13. Nc3 O-O-O 14. Qc4 d5 15. Qa4 Qxa4 16. Nxa4 Ne4 17. Ne6 Bf6 18. Nxd8 Rxd8 19. f3 Nxg3 20. hxg3 b5 21. Nc3 {1-0 Kranjc,Z (1718)-Novakovic,I (1913) Zagreb Dan pobjede 2009 (10)}) ({RR} 6... a6 7. Be2 Bd7 8. Nc3 Be7 9. a3 Be6 10. Nd4 Nxd4 11. Qxd4 c5 12. Qd2 Qc7 13. Bf3 h6 14. Bf4 O-O-O 15. Nd5 Bxd5 16. Bxd5 Nxd5 17. Qxd5 Bf6 18. O-O-O Qb6 19. Qb3 Qxb3 20. cxb3 d5 21. Rd3 {½-½ Reif,W (1848)-Morello,G (1942) Porto San Giorgio op 23rd 2011 (6)}) 7. c3 Be7 8. Bb5 O-O 9. Nbd2 Qe8 10. Nd4 Bd7 11. Bc4+ Kh8 12. N2f3 Ne4 13. Bxe7 Qxe7 14. h3 Rae8 15. O-O Rf6 16. Bd3 d5 17. Qc2 Ref8 18. Bxe4 dxe4 19. Nd2 Re8 20. Ne2 Bf5 21. Ng3 Bg6 22. Rad1 h5 23. Nb3 h4 24. Ne2 Bf7 25. Nf4 Qe5 26. Rd7 Ne7 27. Rd4 Nf5 28. Rd7 Kg8 29. Nd4 g5 30. Nfe2 Nh6 31. f4 exf3 32. gxf3 c5 33. Rf2 cxd4 34. exd4 Qe6 35. Rxb7 Qxh3 36. Qd3 g4 37. Rg2 Qxf3 38. Qc2 h3 39. Ng3 hxg2 40. Qxg2 Qxg2+ 41. Kxg2 Bd5+ 0-1

[Event "45th Olympiad 2024"]
[Site "Budapest HUN"]
[Date "2024.09.15"]
[Round "5.89"]
[Board "2"]
[White "Cottle, Brian S"]
[Black "Mahendra Gurung"]
[Result "1-0"]
[WhiteElo "1804"]
[BlackElo "1725"]
[PlyCount "109"]
[EventDate "2024.09.11"]
[WhiteTeam "Saint Vincent and the Grenadines"]
[BlackTeam "Bhutan"]
[BlackTeamCountry "BTN"]

1. c4 e5 2. Nc3 Nf6 3. g3 c6 4. Bg2 Bc5 5. e3 O-O 6. Nge2 d5 7. cxd5 cxd5 8. d4 exd4 9. Nxd4 Nc6 ({RR} 9... Bg4 10. Qc2 Bxd4 11. exd4 Nc6 12. Be3 Qd7 13. O-O Bh3 14. Bg5 Bxg2 15. Kxg2 Ne4 16. Be3 Nxc3 17. Qxc3 Rac8 18. Qd2 Rfe8 19. Rac1 Ne7 20. Bf4 Rxc1 21. Rxc1 Rc8 22. Re1 Ng6 23. h3 h6 24. Re2 {1-0 Mitrabha,G (2515)-Borrmann,L (2292) Ceske Budejovice GMB 2023 (3.1)}) 10. Nb3 Bb4 11. O-O Be6 12. Nd4 $146 ({RR} 12. Nb5 Re8 13. a3 Bd6 14. Nxd6 Qxd6 15. Nd4 Rac8 16. b4 Ne5 17. Nxe6 Qxe6 18. Bb2 Ne4 19. Qd4 Rc4 20. Qxa7 Nd3 21. Bd4 Rc2 22. Qxb7 Rec8 23. Bc5 Ndxc5 24. bxc5 R2xc5 25. a4 Nd6 26. Qb4 Rc4 {1-0 Pak,V-Sezdbekov,A (1911) KGZ-ch FL Bishkek 2017 (2)}) ({RR} 12. Nb5 Qd7 13. a3 Be7 14. Re1 Bh3 15. Bh1 a6 16. N5d4 Nxd4 17. Nxd4 h5 18. b4 Ne4 19. Bb2 Bf6 20. Rc1 h4 21. Qe2 hxg3 22. hxg3 Rac8 23. Bg2 Rxc1 24. Rxc1 Rc8 25. Rxc8+ Qxc8 26. Nb3 Bxg2 {½-½ Becker,N-Klingert,W GER-ch WK2 U20 2001 (3)}) 12... a6 13. h3 Bc5 14. Nce2 Ne4 15. b3 h6 16. Bb2 Rc8 17. Rc1 Ba7 18. a3 Qd7 19. Nxe6 Qxe6 20. Nf4 Qf5 21. Qxd5 Qxd5 22. Nxd5 Nd2 23. Rfd1 Nxb3 24. Rxc6 bxc6 25. Ne7+ Kh7 26. Nxc8 Rxc8 27. Rd7 Bc5 28. Rxf7 Bf8 29. Bxc6 Rd8 30. Rd7 Rxd7 31. Bxd7 Kg6 32. Kg2 Nc5 33. Bc8 Nd3 34. Bd4 a5 35. a4 Ne1+ 36. Kf1 Nd3 37. Ke2 Nb4 38. Bb6 Nd5 39. Bxa5 Kf6 40. e4 Nb4 41. f4 Bc5 42. g4 g5 43. e5+ Ke7 44. f5 Nd5 45. Kf3 Nf4 46. Bc7 Nd5 47. f6+ Kf7 48. Ba5 Nf4 49. Bc3 Ne6 50. Bxe6+ Kxe6 51. Ke4 Ba7 52. Bd4 Bb8 53. a5 Kf7 54. a6 Kg6 55. a7 1-0

[Event "45th Olympiad 2024"]
[Site "Budapest HUN"]
[Date "2024.09.16"]
[Round "6.1"]
[Board "2"]
[White "Nguyen, Ngoc Truong Son"]
[Black "Wei, Yi"]
[Result "1/2-1/2"]
[WhiteElo "2633"]
[BlackElo "2762"]
[PlyCount "29"]
[EventDate "2024.09.11"]
[WhiteTeam "Vietnam"]
[BlackTeam "China"]
[WhiteTeamCountry "VIE"]
[BlackTeamCountry "CHN"]

1. d4 Nf6 2. c4 e6 3. Nf3 d5 4. Nc3 c6 5. cxd5 exd5 6. Qc2 g6 7. Bg5 Be7 8. e3 Bf5 9. Bd3 Bxd3 10. Qxd3 Nbd7 11. Bh6 Ng4 12. Bf4 Ngf6 ({RR} 12... Nf8 13. h4 h5 14. Ng5 Qd7 15. f3 Nh6 16. O-O-O f6 17. Nh3 Nf7 18. e4 dxe4 19. Qxe4 O-O-O 20. d5 c5 21. Qc4 Bd6 22. Ne4 Kb8 23. Rhe1 Bxf4+ 24. Nxf4 Ne5 25. Qc3 Qf5 26. g3 b6 27. Nxf6 {1-0 Carlsen,M (2864)-Firouzja,A (2778) Miami FTX Crypto Cup rapid 2022 (6.2)}) ({RR} 12... O-O 13. O-O Re8 14. Rab1 a5 15. Qc2 Nb6 16. h3 Nf6 17. Ne5 Nfd7 18. Nd3 Nc4 19. Rbc1 Bg5 20. b3 Ncb6 21. Bh2 Be7 22. Qb2 Ra7 23. Rb1 Nf8 24. Qc2 Nc8 25. Rfe1 Bd6 26. Ne5 f6 27. Nf3 {½-½ Nguyen,N (2629)-Adhiban,B (2677) FIDE World Cup 2017 (1.4)}) 13. Bh6 Ng4 14. Bf4 Ngf6 $146 ({RR} 14... O-O 15. h3 Ngf6 16. O-O Re8 17. Bh2 Bf8 18. Ne5 Nxe5 19. Bxe5 Nd7 20. Bg3 Re6 21. f3 Bg7 22. Rad1 Nb6 23. Rfe1 Qg5 24. Bf2 f5 25. e4 fxe4 26. fxe4 Rf8 27. e5 Re7 28. Be3 Qf5 29. Qxf5 {½-½ Nepomnishay,M (2345)-Yakovich,Y (2520) St Petersburg op 1994 (5)}) ({RR} 14... O-O 15. O-O a5 16. h3 Ngf6 17. Qc2 Re8 18. Rfc1 Nb6 19. Rab1 Nc4 20. Nd2 Nxd2 21. Qxd2 a4 22. Qd3 Bb4 23. Bg5 Qd6 24. a3 Bxc3 25. Bxf6 Ba5 26. Be5 Qe6 27. b4 axb3 28. Rxb3 Re7 29. a4 {½-½ Zhao Jun (2542)-Adhiban,B (2520) Titled Tue 21st May Early 2024 (4)}) 15. Bh6 1/2-1/2

[Event "45th Olympiad 2024"]
[Site "Budapest HUN"]
[Date "2024.09.16"]
[Round "6.1"]
[Board "3"]
[White "Yu, Yangyi"]
[Black "Le, Tuan Minh"]
[Result "1/2-1/2"]
[WhiteElo "2703"]
[BlackElo "2564"]
[PlyCount "104"]
[EventDate "2024.09.11"]
[WhiteTeam "China"]
[BlackTeam "Vietnam"]
[WhiteTeamCountry "CHN"]
[BlackTeamCountry "VIE"]

1. c4 {ChessBase II} c6 2. Nf3 Nf6 3. d4 d5 4. Nc3 e6 5. e3 a6 6. b3 Bb4 7. Bd2 Nbd7 8. Bd3 O-O ({RR} 8... Qe7) 9. O-O Bd6 10. Rc1 ({RR} 10. Qc2 h6 11. Rad1 e5) ({RR} 10. e4) 10... Re8 11. h3 e5 12. dxe5 Nxe5 13. Nxe5 Bxe5 14. cxd5 Bb8 $146 ({RR} 14... cxd5 15. Ne2 Be6 16. Bc3 Bxc3 17. Rxc3 Qa5 18. Qc2 Rac8 19. Rc1 Rxc3 20. Qxc3 Qxc3 21. Rxc3 Rc8 22. Rxc8+ Bxc8 23. Kf1 Kf8 24. Ke1 Ke7 25. Kd2 Kd6 26. Kc3 a5 27. a3 h6 28. b4 axb4+ 29. Kxb4 {0-1 Korotylev,A (2547)-Potkin,V (2533) RUS-chT rapid 2004 (9)}) ({RR} 14... Nxd5 15. Nxd5 Qxd5 16. Bc4 Qe4 17. Bc3 ({RR} 17. Qh5) 17... Bf5 18. Qh5 g6 19. Qg5 Bxc3 20. Rxc3 Rad8 21. g4 Bc8 22. Qf6 Qe7 23. Qxe7 Rxe7 24. Rd3 Red7 25. Rfd1 b5 26. Rxd7 Rxd7 27. Rxd7 Bxd7 28. Bd3 c5 29. f4 {½-½ Ftacnik,L (2578)-Navara,D (2722) EU-ch 12th Aix les Bains 2011 (3)} ({RR} 29. Kg2 Be6 30. Kf3)) ({RR} 14... cxd5 15. Ne2 Be6 16. Bc3 Bxc3 17. Rxc3 Qa5 18. Qc2 Rac8 19. Rc1 Rxc3 20. Qxc3 Qxc3 21. Rxc3 Rc8 22. Rxc8+ Bxc8 23. Kf1 Kf8 24. Ke1 Ke7 25. Kd2 Kd6 26. Kc3 a5 27. a3 h6 28. b4 axb4+ 29. Kxb4) 15. Qf3 cxd5 16. Rfd1 Qd6 17. Qf4 Qe7 18. Qh4 Qe5 19. f4 Qd6 20. Be1 h6 21. Bf2 Bd7 22. Bb1 Qe6 23. Re1 Bc6 24. Ne2 Ba7 25. Nd4 Bxd4 26. f5 Qd7 27. exd4 Rxe1+ 28. Rxe1 Re8 29. Re5 Ne4 30. Bxe4 dxe4 31. f6 Rxe5 32. dxe5 Qd2 33. Qg4 Qg5 34. Qxg5 hxg5 35. Be3 g4 36. h4 g6 37. Kf2 Kf8 38. Kg3 Bd7 39. Kf4 Ke8 40. g3 Be6 41. Kxe4 Kd7 42. Kd4 Kc6 43. Bh6 Kb5 44. Bf8 Kc6 45. Be7 Kb5 46. a4+ Kc6 47. b4 Bf5 48. a5 Be6 49. Bf8 Kb5 50. Be7 Kc6 51. Bf8 Kb5 52. Be7 Kc6 1/2-1/2

[Event "45th Olympiad 2024"]
[Site "Budapest HUN"]
[Date "2024.09.16"]
[Round "6.2"]
[Board "1"]
[White "Rapport, Richard"]
[Black "Gukesh, D."]
[Result "1/2-1/2"]
[WhiteElo "2715"]
[BlackElo "2764"]
[PlyCount "87"]
[EventDate "2024.09.11"]
[WhiteTeam "Hungary"]
[BlackTeam "India"]
[WhiteTeamCountry "HUN"]
[BlackTeamCountry "IND"]

1. e4 e5 2. Nf3 Nc6 3. Bb5 Nf6 4. O-O Nxe4 5. Re1 Nd6 6. Nxe5 Be7 7. Bf1 Nxe5 8. Rxe5 O-O 9. Nc3 Bf6 10. Re1 Re8 11. Nd5 Rxe1 12. Nxf6+ Qxf6 13. Qxe1 b6 14. d3 Bb7 15. Qb4 c5 16. Qf4 Qxf4 17. Bxf4 Nf5 18. f3 ({RR} 18. c3) 18... f6 19. Kf2 g5 $146 ({RR} 19... Kf7 20. c3 Bd5 21. a4 g5 22. Bd2 a5 23. g4 Ne7 24. f4 h6 25. h3 Ng6 26. f5 Ne5 27. c4 Bc6 28. Bc3 Nf3 29. Bg2 Nd4 30. Bxd4 cxd4 31. Re1 Re8 32. Bxc6 dxc6 33. Rxe8 Kxe8 34. Kf3 {½-½ Vokhidov,S (2536)-Niemann,H (2656) Sharjah Masters 5th 2022 (3)}) 20. Bd2 h5 21. c3 Kf7 22. Be2 Bd5 23. Bd1 Ng7 24. Ba4 Rd8 25. Bc2 h4 26. a4 Ne6 27. a5 b5 28. a6 Rb8 29. Ra5 d6 30. b4 f5 31. bxc5 dxc5 32. c4 Bc6 33. cxb5 Rxb5 34. Rxb5 Bxb5 35. Bb3 f4 36. g3 fxg3+ 37. hxg3 Bxd3 38. Be3 hxg3+ 39. Kxg3 Kf6 40. Bxe6 Kxe6 41. Bxc5 Bxa6 42. f4 gxf4+ 43. Kxf4 Kd5 44. Bxa7 1/2-1/2

[Event "45th Olympiad 2024"]
[Site "Budapest HUN"]
[Date "2024.09.16"]
[Round "6.2"]
[Board "4"]
[White "Vidit, Santosh Gujrathi"]
[Black "Gledura, Benjamin"]
[Result "1-0"]
[WhiteElo "2720"]
[BlackElo "2628"]
[PlyCount "103"]
[EventDate "2024.09.11"]
[WhiteTeam "India"]
[BlackTeam "Hungary"]
[WhiteTeamCountry "IND"]
[BlackTeamCountry "HUN"]

1. d4 d5 2. c4 c6 3. cxd5 cxd5 4. Nc3 Nf6 5. Nf3 Nc6 6. Bf4 a6 7. Qb3 e6 8. e3 Bd6 9. Bxd6 ({RR} 9. Bg5 h6 10. Bh4 Be7 11. Bd3 O-O 12. O-O b5 13. Rfc1 Bb7 14. a4 Na5 15. Qd1 b4 16. Nb1 Ne4 17. Bxe7 Qxe7 18. Nbd2 Rfc8 19. Rxc8+ Rxc8 20. Rc1 Qe8 21. Rxc8 Qxc8 22. h4 g6 23. Ne5 Kg7 {0-1 Grischuk,A (2719)-Le Tuan Minh (2567) Titled Tue 18th Jun Late 2024 (9)}) 9... Qxd6 10. Be2 O-O 11. O-O Rb8 $146 ({RR} 11... b5 12. Rfc1 Bb7 13. Ne1 e5 14. dxe5 Nxe5 15. Nf3 Rfe8 16. Rd1 Ng6 17. a3 Rad8 18. Rd2 Qb6 19. Rad1 Ne4 20. Rd4 Nxc3 21. Qxc3 Rc8 22. Qb3 Ne7 23. R4d2 Nf5 24. Nd4 Nd6 25. Nc2 Nc4 26. Rd4 {0-1 Lavanchy,M (1810)-Eggenberger,W (2014) Zuerich op-B 30th 2006 (5)}) ({RR} 11... Bd7 12. Na4 e5 13. dxe5 Nxe5 14. Nb6 Bb5 15. Bxb5 Nxf3+ 16. gxf3 Qxb6 17. Be2 Qxb3 18. axb3 Rac8 19. Rac1 d4 20. exd4 Nd5 21. f4 Nxf4 22. Bf3 Rxc1 23. Rxc1 Rd8 24. Kf1 b6 25. Rc6 g5 26. d5 {1-0 Girya,O (2395)-Gunina,V (2469) RUS-ch (Women) 72nd 2022 (7)}) 12. Rfc1 Re8 13. Na4 e5 14. dxe5 Nxe5 15. Qb6 Qxb6 16. Nxb6 Bg4 17. Rc7 Bxf3 18. gxf3 d4 19. Rd1 dxe3 20. fxe3 Nc6 21. e4 Re7 22. Rxe7 Nxe7 23. Kf2 Nc6 24. Rc1 Nd4 25. Bc4 Rd8 26. Ke3 Kf8 27. Bf1 Ne6 28. Bh3 Ne8 29. f4 g5 30. fxg5 Nxg5 31. Rc8 Rxc8 32. Bxc8 Nd6 33. Bf5 h6 34. h4 Ne6 35. Bg4 Ng7 36. Kf4 f6 37. b4 Kf7 38. e5 fxe5+ 39. Kxe5 Nge8 40. a4 Ke7 41. Nd5+ Kd8 42. Be2 Nc8 43. Bf3 b6 44. h5 Nc7 45. Ne3 Ne7 46. Ng4 Ng8 47. Be4 Ne8 48. Bg6 Ne7 49. Bxe8 Kxe8 50. Kd6 b5 51. axb5 axb5 52. Nxh6 1-0

[Event "45th Olympiad 2024"]
[Site "Budapest HUN"]
[Date "2024.09.16"]
[Round "6.3"]
[Board "2"]
[White "Tabatabaei, M. Amin"]
[Black "Christiansen, Johan-Sebastian"]
[Result "1/2-1/2"]
[WhiteElo "2714"]
[BlackElo "2661"]
[PlyCount "97"]
[EventDate "2024.09.11"]
[WhiteTeam "Iran"]
[BlackTeam "Norway"]
[WhiteTeamCountry "IRI"]
[BlackTeamCountry "NOR"]

1. e4 e6 2. d4 d5 3. e5 c5 4. c3 Qa5 5. dxc5 ({RR} 5. a3 Nc6 6. Nf3 Bd7 7. Be2 cxd4 8. b4 Qb6 9. cxd4 Nge7 10. Nc3 Nf5 11. Na4 Qd8 12. Bg5 Be7 13. Bxe7 Ncxe7 14. Nc5 b6 15. Nd3 Ng6 16. g3 O-O 17. h4 f6 18. h5 Nh8 19. exf6 Qxf6 {½-½ Shirov,A (2662)-Bluebaum,M (2670) Titled Tuesday intern op 02nd Feb blitz 2021 (9)}) 5... Qc7 6. b4 $146 ({RR} 6. Nf3 Nd7 7. Bf4 Nxc5 8. Nbd2 Bd7 9. Be2 Ne7 10. O-O Nc6 11. Re1 Be7 12. Bf1 Rb8 13. b4 Ne4 14. Nxe4 dxe4 15. Rxe4 b5 16. Bd3 a5 17. a3 Na7 18. Rc1 Nc8 19. Nd4 O-O 20. Re3 Nb6 {1-0 Gracia Alvarez,G (2237)-Pesotskiy,M (2217) Titled Tuesday intern op 07th Dec blitz 2021 (5)}) ({RR} 6. Nf3 Bxc5 7. Bd3 Nc6 8. Qe2 Nge7 9. Be3 Bxe3 10. Qxe3 Ng6 11. Bxg6 hxg6 12. O-O Rh5 13. Re1 f6 14. g4 Rh3 15. Kg2 Rh8 16. Na3 a6 17. Nc2 Bd7 18. Ncd4 Nxd4 19. cxd4 g5 20. Rac1 Qb8 {1-0 Kozlovic,J (2301)-Yildiz,T (1902) TCh-EUR Youth U18 2024 (5.4)}) ({RR} 6. Nf3 Bxc5 7. Bd3 Nc6 8. Qe2 Nge7 9. O-O Ng6 10. Re1 Bd7 11. h4 f6 12. exf6 gxf6 13. Bf5 Nge5 14. Nxe5 Nxe5 15. Qh5+ Ke7 16. Bc2 Rag8 17. Bf4 Bd6 18. Bxe5 Bxe5 19. Nd2 Rg7 20. Nf1 Rhg8 {0-1 Karklins,A-Smythe,B Chicago op 1972}) 6... Qxe5+ 7. Be2 b6 8. Nf3 Qc7 9. c4 dxc4 10. Na3 bxc5 11. Nxc4 Nd7 12. g3 Ngf6 13. Bf4 Qb7 14. bxc5 Bxc5 15. O-O O-O 16. Rb1 Nb6 17. Rb5 Qd5 18. Qxd5 exd5 19. Rxc5 dxc4 20. Nd2 Bh3 21. Rc1 Rfe8 22. Be3 c3 23. R5xc3 Nfd5 24. Ra3 Nxe3 25. Rxe3 Rxe3 26. fxe3 Be6 27. a3 Rd8 28. Nf3 Bg4 29. Kf2 Rd5 30. Nd4 Bxe2 31. Kxe2 Ra5 32. Rc3 g6 33. Kd3 Kg7 34. Kc2 Nd5 35. Rb3 Ra4 36. Nb5 Ra5 37. Kd3 Ra4 38. e4 Nf6 39. Rb4 Ra5 40. a4 Nd7 41. Kd4 Nb6 42. Nc3 Ra6 43. e5 Kf8 44. g4 h6 45. h4 Kg7 46. Kc5 Ra5+ 47. Kd4 Ra6 48. Kc5 Ra5+ 49. Kd4 1/2-1/2

[Event "45th Olympiad 2024"]
[Site "Budapest HUN"]
[Date "2024.09.16"]
[Round "6.4"]
[Board "1"]
[White "Caruana, Fabiano"]
[Black "Deac, Bogdan-Daniel"]
[Result "1/2-1/2"]
[WhiteElo "2798"]
[BlackElo "2680"]
[PlyCount "249"]
[EventDate "2024.09.11"]
[WhiteTeam "United States of America"]
[BlackTeam "Romania"]
[BlackTeamCountry "ROU"]

1. e4 e5 2. Nf3 Nc6 3. Bc4 Nf6 4. d3 Bc5 5. c3 d6 6. a4 a6 7. O-O Ba7 ({RR} 7... h6 8. Na3 O-O 9. Nc2 Re8 10. Re1 Ba7 11. Be3 Bb8 12. Qd2 Ng4 13. b4 Ne7 14. d4 Ng6 15. dxe5 Nxe3 16. Nxe3 Nxe5 17. Nxe5 Rxe5 18. Qa2 Be6 19. Bxe6 Rxe6 20. Nf5 Ba7 21. Nd4 Re5 22. Nf3 {½-½ Anand,V (2786)-Kramnik,V (2811) Zuerich Chess Challenge Blitz2 6th 2017 (1)}) 8. Re1 O-O 9. h3 Re8 $146 ({RR} 9... Be6 10. Bxe6 fxe6 11. Be3 Bxe3 12. Rxe3 Qd7 13. a5 Ne7 14. Nbd2 Ng6 15. Nc4 Rae8 16. b4 Qf7 17. Ra2 Nf4 18. Rd2 Qg6 19. Ne1 Nd7 20. Rg3 Qf7 21. Ne3 Nf6 22. Kh2 Kh8 23. Ng4 h6 24. Re3 {½-½ Ganguly,S (2657)-Onischuk,A (2681) Saint Louis Spring-A 2018 (2)}) ({RR} 9... Be6 10. Bb3 Re8 11. Nbd2 h6 12. Nf1 d5 13. exd5 Bxd5 14. Bc2 Qd6 15. Ng3 Rad8 16. Be3 Bxe3 17. Rxe3 Nh7 18. Qe2 Re7 19. Nf5 Bxf3 20. Nxe7+ Qxe7 21. Qxf3 Ng5 22. Qe2 f5 23. f4 Qc5 24. d4 {1-0 Uddin Khanam,A (1724)-Pau Ferrer,Q (1606) IV Llinars Int Open 2024 (3.46)}) ({RR} 9... Ne7 10. Nbd2 c6 11. Bb3 Ng6 12. d4 Re8 13. a5 h6 14. Bc2 Nh5 15. Nxe5 dxe5 16. Qxh5 exd4 17. Nf3 c5 18. cxd4 cxd4 19. Bd3 Be6 20. e5 Qe7 21. Nh2 Rac8 22. Ng4 Rxc1 23. Raxc1 Nf4 24. Nf6+ {0-1 Nozdrachev,V (2486)-Gareyev,T (2569) Wch Rapid St Petersburg 2018 (15)}) 10. Na3 h6 11. b4 Be6 12. Bxe6 Rxe6 13. Nc2 Ne7 14. c4 a5 15. b5 Ng6 16. Ne3 Bxe3 17. Bxe3 b6 18. Nd2 Nd7 19. Nf1 Qf8 20. Ng3 Rae8 21. Ra2 Nf4 22. d4 g5 23. Nf5 exd4 24. Bxf4 gxf4 25. Qxd4 Kh7 26. f3 Qh8 27. Qxh8+ Kxh8 28. Nd4 Rf6 29. Ne2 Nc5 30. Nc3 Rg6 31. Nd5 Ne6 32. e5 Nd4 33. Kf1 dxe5 34. Nxf4 Rd6 35. Nd5 Kg7 36. Rd2 Nb3 37. Rdd1 Red8 38. Rxe5 c6 39. bxc6 Rxc6 40. Re3 Nc5 41. Ra3 Ne6 42. Rb1 Rxc4 43. Ne3 Rc6 44. Rab3 Kg6 45. Rxb6 Rxb6 46. Rxb6 Rd4 47. g3 Rxa4 48. f4 Kg7 49. Nf5+ Kg6 50. Nd6 Nxf4 51. gxf4 Rxf4+ 52. Ke2 Rf6 53. Ke3 Re6+ 54. Kd4 f6 55. Ra6 a4 56. Kd5 Re5+ 57. Kc6 Rh5 58. Rxa4 Rxh3 59. Rg4+ Kh5 60. Rg8 Rd3 61. Ne4 Rf3 62. Kd5 Rd3+ 63. Kc4 Rf3 64. Kd4 Kh4 65. Rg6 h5 66. Nd2 Ra3 67. Ke4 Kh3 68. Nf1 h4 69. Ne3 f5+ 70. Kf4 Ra4+ 71. Kxf5 Ra8 72. Ke4 Rf8 73. Nf5 Rh8 74. Nd4 Re8+ 75. Kf4 Rf8+ 76. Ke3 Re8+ 77. Kf2 Ra8 78. Rh6 Kg4 79. Nc2 Ra2 80. Rc6 Rb2 81. Rc4+ Kg5 82. Kg2 Kh5 83. Kf3 Rb3+ 84. Ne3 h3 85. Rc8 Rb6 86. Kg3 Rb3 87. Rh8+ Kg5 88. Kf3 Rb4 89. Rxh3 Rf4+ 90. Ke2 Rd4 91. Rh8 Kf6 92. Kf3 Ra4 93. Rc8 Ke6 94. Nc4 Ra1 95. Ke4 Re1+ 96. Ne3 Re2 97. Rc6+ Kd7 98. Rh6 Re1 99. Kd4 Re2 100. Nf5 Rd2+ 101. Kc5 Rc2+ 102. Kd5 Rd2+ 103. Nd4 Rd1 104. Rh7+ Kd8 105. Ke5 Ke8 106. Nc6 Re1+ 107. Kd6 Rd1+ 108. Ke6 Re1+ 109. Ne5 Kd8 110. Rg7 Kc8 111. Rg3 Re2 112. Rc3+ Kd8 113. Rc1 Re4 114. Rh1 Re2 115. Rh3 Re1 116. Rh7 Kc8 117. Rg7 Re2 118. Kd5 Rd2+ 119. Kc5 Rc2+ 120. Nc4 Rc1 121. Kd5 Kd8 122. Kd6 Rd1+ 123. Ke6 Re1+ 124. Ne5 Kc8 125. Re7 1/2-1/2

[Event "45th Olympiad 2024"]
[Site "Budapest HUN"]
[Date "2024.09.16"]
[Round "6.4"]
[Board "3"]
[White "Aronian, Levon"]
[Black "Nisipeanu, Liviu-Dieter"]
[Result "1/2-1/2"]
[WhiteElo "2729"]
[BlackElo "2580"]
[PlyCount "58"]
[EventDate "2024.09.11"]
[WhiteTeam "United States of America"]
[BlackTeam "Romania"]
[BlackTeamCountry "ROU"]

1. e4 e5 2. Nf3 Nc6 3. Bc4 Nf6 4. d3 Be7 5. Nc3 d6 6. a3 O-O 7. Be3 Be6 8. Nd5 Bxd5 9. exd5 Nb8 10. b4 $146 ({RR} 10. h3 Nbd7 11. Ba2 Ne8 12. g4 f5 13. gxf5 Rxf5 14. Qe2 g6 15. O-O-O Ng7 16. Nd2 Bg5 17. Ne4 Bxe3+ 18. fxe3 Qh4 19. Rdf1 Raf8 20. Rxf5 Rxf5 21. Qe1 Qxe1+ 22. Rxe1 Nf6 23. Nd2 Ngh5 24. Rf1 Rg5 {0-1 Metz,H (2259)-Dobschat,B (2081) Verbandsliga Suedbaden 1920 2019 (3.2)}) ({RR} 10. Ba2 Nbd7 11. d4 e4 12. Nd2 b5 13. Qe2 a6 14. Bg5 Nb6 15. Bxf6 Bxf6 16. c3 Re8 17. Nxe4 Bxd4 18. cxd4 f5 19. O-O Rxe4 20. Qc2 Qd7 21. Rac1 Re7 22. Rfe1 Rxe1+ 23. Rxe1 Re8 24. Re6 g6 {0-1 Firouzja,A (2767)-Carlsen,M (2832) SpeedChess Final 2024 (2.12)}) ({RR} 10. d4 e4 11. Nd2 Nbd7 12. Ba2 Re8 13. g4 c6 14. dxc6 bxc6 15. c4 h6 16. h4 c5 17. g5 cxd4 18. Bxd4 Nc5 19. Bxc5 dxc5 20. Qe2 Qb6 21. O-O-O Rab8 22. b3 e3 23. fxe3 Qa6 24. Kb2 Nd5 {0-1 Gilfillan,A (1973)-Sowray,P (2310) BCF-chT1a 1617 (4NCL) 2016 (1.47)}) 10... c6 11. dxc6 bxc6 12. O-O Nbd7 13. Bb3 a5 14. c4 Rb8 15. Bd2 axb4 16. axb4 d5 17. c5 Qc7 18. Re1 Rfe8 19. h3 Bf8 20. d4 exd4 21. Rxe8 Rxe8 22. Nxd4 Ne4 23. Be3 Ne5 24. Rc1 g6 25. Ba4 Nc4 26. Qf3 Ne5 27. Qd1 Nc4 28. Qf3 Ne5 29. Qd1 Nc4 1/2-1/2

[Event "45th Olympiad 2024"]
[Site "Budapest HUN"]
[Date "2024.09.16"]
[Round "6.5"]
[Board "1"]
[White "Rodshtein, Maxim"]
[Black "Abdusattorov, Nodirbek"]
[Result "0-1"]
[WhiteElo "2600"]
[BlackElo "2766"]
[PlyCount "110"]
[EventDate "2024.09.11"]
[WhiteTeam "Israel"]
[BlackTeam "Uzbekistan"]
[WhiteTeamCountry "ISR"]
[BlackTeamCountry "UZB"]

1. e4 e5 2. Nf3 Nc6 3. Bc4 Nf6 4. d3 Be7 5. O-O O-O 6. Re1 d6 7. a3 Kh8 8. c3 ({RR} 8. Nc3 Nd7 9. Ba2 Nb6 10. b4 Bg4 11. h3 Bxf3 12. Qxf3 f5 13. exf5 Nd4 14. Qd1 Nxf5 15. Ne4 a5 16. Bd2 axb4 17. axb4 c6 18. c4 Nd4 19. Bc3 d5 20. Ng3 Na4 21. Bd2 Bh4 22. cxd5 cxd5 {1-0 Kramnik,V (2753)-Artemiev,V (2697) AI Cup Play-In 2023 (8)}) ({RR} 8. Nc3 Ng8 9. d4 f5 10. dxe5 fxe4 11. Nxe4 Rxf3 12. exd6 Rf8 13. dxe7 Qxd1 14. Rxd1 Ngxe7 15. Ng3 h6 16. Bd2 b6 17. Bc3 Kh7 18. Bd3+ g6 19. Be4 Be6 20. h4 Kg8 21. h5 g5 22. Rd2 Rae8 {1-0 Boyer,M (2489)-Petr,J (2282) Titled Tue 10th Sep Late 2024 (11)}) 8... Nd7 $146 ({RR} 8... Ng8 9. d4 Bg4 10. d5 Nb8 11. h3 Bc8 12. Nbd2 f5 13. exf5 Bxf5 14. Ne4 h6 15. Ng3 Bg6 16. Bd3 Qe8 17. c4 a5 18. Be3 Na6 19. c5 Bxd3 20. Qxd3 Qf7 21. cxd6 cxd6 22. Rac1 Rfc8 23. Red1 {0-1 Vajda,A (2437)-Pilgaard,K (2440) Bucharest Kings Cup 2003 (11)}) ({RR} 8... Bg4 9. h3 Bh5 10. Nbd2 d5 11. Bb3 dxe4 12. dxe4 Bc5 13. Qe2 Bg6 14. Bc2 a5 15. Qb5 Bb6 16. Nc4 Nd7 17. Rd1 f6 18. Nxb6 cxb6 19. Be3 Qc7 20. Nh4 Bf7 21. Bb3 Bxb3 22. Qxb3 Rad8 23. Rd5 {0-1 Alonso Moyano,J (2365)-Espinosa Veloz,E (2380) Capablanca Memorial op 42nd 2007 (8)}) 9. d4 Nb6 10. Bd3 Bg4 11. d5 Nb8 12. Nbd2 a5 13. h3 Bh5 14. b3 f5 15. c4 fxe4 16. Bxe4 Bf7 17. Bd3 Na6 18. Qc2 Bg8 19. Ne4 Nd7 20. Be3 c6 21. Nc3 Ndc5 22. Be2 h6 23. Qb2 e4 24. Nd4 Bg5 25. Qd2 Qf6 26. Bf1 Bxe3 27. Rxe3 Bh7 28. Rae1 Rae8 29. g3 Nc7 30. b4 cxd5 31. bxc5 dxc5 32. Ndb5 Nxb5 33. Nxd5 Qd4 34. Qxa5 Nd6 35. Qc3 Rf7 36. Qc1 Nf5 37. Rd1 Qe5 38. f4 Qe6 39. Rb3 b5 40. Rxb5 Nxg3 41. Rb6 Qc8 42. Kh2 Nf5 43. Be2 Qd8 44. Rg1 Ref8 45. Bh5 Rd7 46. Qb2 Bg8 47. Bg4 Bxd5 48. cxd5 Rxd5 49. Rg2 Nd4 50. Rg6 Qc7 51. Qf2 Rxf4 52. Qg3 Rxg4 53. hxg4 Nf3+ 54. Kh3 Qf7 55. Qb8+ Kh7 0-1